[Event "Panagiotis Apergis op"]
[Site "Ano Liosia"]
[Date "2007.05.01"]
[Round "3"]
[White "Laggousis, Andreas"]
[Black "Dallas, Stavros"]
[Result "1-0"]
[WhiteElo "1988"]
[BlackElo "1760"]
[PlyCount "131"]
[EventDate "2007.04.24"]
[EventType "swiss"]
[EventRounds "7"]
[EventCountry "GRE"]
[SourceTitle "EXT 2008"]
[Source "ChessBase"]
[SourceDate "2007.11.25"]
[SourceVersion "1"]
[SourceVersionDate "2007.11.25"]
[SourceQuality "1"]

1. e4 c5 2. Nc3 Nc6 3. d3 g6 4. g3 Bg7 5. Bg2 e6 6. Nge2 Nge7 7. 0-0 0-0 8. Be3 Nd4 9. f4 d5 10. Bf2 a6 11. h3 b5 12. Nxd4 cxd4 13. Ne2 Nc6 14. e5 Bb7 15. Nxd4 Nxd4 16. Bxd4 Rc8 17. Qd2 f6 18. Rfe1 f5 19. Qf2 Rf7 20. a3 g5 21. c3 h5 22. fxg5 Qxg5 23. Be3 Qg6 24. d4 Rcf8 25. Qf4 Kh7 26. Rf1 Rg8 27. Kh2 Bf8 28. Rg1 Rfg7 29. Bf1 Be7 30. Bd3 Bc6 31. g4 hxg4 32. Rxg4 Qh5 33. Rag1 Rxg4 34. Rxg4 Rxg4 35. Qxg4 Qxg4 36. hxg4 Kg6 37. Kg3 Bd7 38. gxf5+ exf5 39. Be2 Be6 40. Bc1 Bd7 41. b3 a5 42. c4 bxc4 43. bxc4 dxc4 44. Bxc4 f4+ 45. Kf3 a4 46. Bb2 Kf5 47. d5 Be8 48. Bd3+ Kg5 49. d6 Bd8 50. Bd4 Bh5+ 51. Kf2 Bf7 52. Bb5 Be6 53. Bxa4 Kg4 54. Bd1+ Kf5 55. Bf3 Bb3 56. Ke2 Bc4+ 57. Kd2 Ba5+ 58. Bc3 Bb6 59. Kc2 Bb5 60. Kb3 Ke6 61. a4 Ba6 62. a5 Bd8 63. Kb4 Bh4 64. Kc5 Bd8 65. Bg4+ Kf7 66. e6+ 1-0